000 00728nam a22002177a 4500
999 _c10425
_d10425
003 AR-CdUCM
008 190401b ||||| |||| 00| 0 spa d
040 _aMUNICIPALIDAD PROVINCIAL DEL CUSCO
_cBIBLIOTECA MUNICIPAL DEL CUSCO
082 _23ed.
_aES / 800 /
_bM84
100 _aMontalvo, Garci-Ordonez de
_927272
245 _aAmadis de Gaula /
260 _aBuenos Aires ;
_bAtlantida S. A. ;
_c1960.
300 _a114 páginas ;
_bIlustraciones
_c17cm
440 _aBiblioteca Billiken - Colección Roja
_927273
505 _aContenido: Novela
650 _aNovela
_9572
650 _aLiteratura juvenil
_91580
700 _aPérez, Mariluz (modernizado y compendiado)
_927274
942 _2ddc
_cLIBROS
945 _anom